Riconosci il Pokémon - Quiz n°367 - Statistics

Statistiche generali
  • Questo quiz è stato fatto 4 volte
  • Il punteggio medio è 8 su 10
Statistiche sulle risposte
Indizio Risposta % Corretto
Altezza 0,8 m
100%
Peso 20,8 kg
100%
Tipo Acqua / Buio
100%
Stadio evoluzione Forma Base
100%
Generazione Terza
100%
Tasso di cattura 225 (39.9%)
67%
Sesso 50% ♂, 50% ♀
67%
Abilità Cartavetro; Acceleratore
67%
Pokémon Carvanha
67%
Tasso di allevamento Lento
67%
Nessun quiz corrispondente trovato
Distribuzione punteggi
Percentuale di utenti per punteggio
Percentile per numero di risposta
I tuoi punteggi nel tempo
Non hai fatto questo quiz